000 00268nam a22000977a 4500
008 230421b |||||||| |||| 00| 0 eng d
020 _a9781444955187
100 _aBlyton Guid
_97607
245 _aThe Mystery of the Secret Room
260 _aLondon
_bHodder's Children Books
999 _c12267
_d12267